000 01028nam a2200205 i 4500
001 99295
003 ES-MaACL
005 20250626063151.0
007 t|
008 050906m19771980sp ||||1| spa d
100 1 _aMartín González, Juan José,
_d1923-2009
_977514
245 1 0 _aInventario artístico de Palencia y su provincia /
_cdirección Juan José Martín González.
260 _aMadrid :
_bDirección General del Patrimonio Artístico y Cultural,
_c1977-1980.
300 _a2 v. :
_bil. ;
_c18 cm.
505 8 _aContiene: t. I.- Ciudad de Palencia, antiguos partidos judiciales de Palencia, Astudillo, Baltanás y Fredilla.- 326 p. lám. 1-204.- t. II.- Antiguos partidos judiciales de Carrión de los Condes, Saldaña y Aguilar de Campoo.- 289 p. 2 h. lám. 1- 248-
650 4 _aPatrimonio cultural-
_zPalencia (Provincia)-
_vInventarios.
_9166087
710 1 _aEspaña.
_bDirección General del Patrimonio Artístico y Cultural.
_93790
852 _aES-MaACL
_jP-407
_bR.107293
999 _c99295
_d99295